000 01233cam a2200361 i 4500
001 22203774
003 JO-AjAnu
005 20241016091425.0
008 210830s2022 nyua b 000 0 eng
010 _a 2021946242
020 _a9781631068232
_q(hardcover)
020 _z9780760373415
_q(ebook)
040 _aDLC
_beng
_erda
_cDLC
_dJO-AjAnu
042 _apcc
050 0 0 _aTX324.5
_b.L58 2022
082 0 4 _a648.8
_223
100 1 _aLitman, Jessica,
_eauthor.
245 1 0 _aHome sweet organized home :
_bdeclutter & organize your busy family /
_cJessica Litman, The Organized Mama.
264 1 _aNew York, NY :
_bRock Point,
_c2022.
300 _a160 pages :
_bcolor illustrations ;
_c26 cm
336 _atext
_btxt
_2rdacontent
336 _astill image
_bsti
_2rdacontent
337 _aunmediated
_bn
_2rdamedia
338 _avolume
_bnc
_2rdacarrier
504 _aIncludes bibliographical references (page 158-159).
650 0 _aStorage in the home.
650 0 _aOrganization.
650 0 _aHouse cleaning.
650 0 _aOrderliness.
906 _a7
_bcbc
_corignew
_d2
_eepcn
_f20
_gy-gencatlg
942 _2lcc
_cBK
_n0
999 _c33712
_d33712